00714nam a2200205 a 450000100100000000500170001000800410002702000150006804000250008308200130010810000280012124500380014926000320018730000280021949000500024750400260029783000570032395201110038099900170049100004169220201002035714.0130902s1985 sp a 000 0 spa d a8434581701 aDO-SdBNPbspacBNPHU axxxbxxx1 aCano, José Luis9867610aGarcia Lorca /cJosé Luis Cano. aBarcelona :bSalvat,c1985. a181 p. :bil. ;c20 cm.1 aBiblioteca Salvat de grandes biografíasv25 aBibliografía p: 181 0aBiblioteca Salvat de grandes biografíasv25942025 001050718MOaGRbGRcCTd2013-10-15iLF1l0oxxx xxxp41692-10r2020-06-25w2020-06-25y1ZNo se presta c41182d41182